Lễ cấp sắc Pựt Nùng
محفوظ في:
| المؤلف الرئيسي: | |
|---|---|
| التنسيق: | كتاب |
| اللغة: | Vietnamese |
| منشور في: |
H.
Lao động
2011
|
| سلاسل: | ĐTTS ghi: Hội văn nghệ dân gian Việt Nam
|
| الوسوم: |
إضافة وسم
لا توجد وسوم, كن أول من يضع وسما على هذه التسجيلة!
|
| Thư viện lưu trữ: | Mạng thư viện Đại học Đà Nẵng |
|---|
| LEADER | 00946nam a2200277 4500 | ||
|---|---|---|---|
| 001 | 000016112 | ||
| 003 | 12503 | ||
| 005 | 20120719100716.0 | ||
| 008 | 120719s2011 viesd | ||
| 041 | 0 | |a vie | |
| 082 | |a 305.89591 |b NG-Y | ||
| 100 | 0 | |a Nguyễn Thị Yên | |
| 245 | 0 | |a Lễ cấp sắc Pựt Nùng |c Nguyễn Thị Yên; Nguyễn Thiên Tứ | |
| 260 | |a H. |b Lao động |c 2011 | ||
| 300 | |a 263 tr. |c 21 cm. | ||
| 490 | |a ĐTTS ghi: Hội văn nghệ dân gian Việt Nam | ||
| OWN | |a LSP | ||
| AVA | |a UDN50 |b LSP |d 305.89591 NG-Y |e available |t Error 5001 Not defined in file expand_doc_bib_avail. |f 1 |g 0 |h N |i 0 |k 1 | ||
| 999 | |a From the UDN01 | ||
| AVA | |a UDN50 |b LSP |d 305.89591 NG-Y |e available |t Error 5001 Not defined in file expand_doc_bib_avail. |f 1 |g 0 |h N |i 0 |k 1 | ||
| TYP | |a Monograph | ||
| TYP | |a Printed language | ||
| 980 | |a Mạng thư viện Đại học Đà Nẵng | ||